Eye of the storm (Record no. 261881)

MARC details
000 -LEADER
fixed length control field 00566nam a2200193Ia 4500
008 - FIXED-LENGTH DATA ELEMENTS--GENERAL INFORMATION
fixed length control field 191130s2003##################000#0#eng##
020 ## - INTERNATIONAL STANDARD BOOK NUMBER
ISBN 9780521686358
082 ## - DEWEY DECIMAL CLASSIFICATION NUMBER
Classification number 428.64 LOA
100 ## - MAIN ENTRY--AUTHOR NAME
Personal name Loader, Mandy
245 ## - TITLE STATEMENT
Title Eye of the storm
Statement of responsibility, etc Mandy Loader
260 ## - PUBLICATION, DISTRIBUTION, ETC. (IMPRINT)
Place of publication Cambridge
Name of publisher Cambridge University Press
Year of publication 2003
300 ## - PHYSICAL DESCRIPTION
Number of Pages 61 p. : maps ; 20 cm
650 ## - SUBJECT ADDED ENTRY--TOPICAL TERM
Topical Term English language -- Textbooks for foreign speakers
Topical Term Hurricanes -- Fiction
991 ## -
-- 402624
Holdings
Withdrawn status Lost status Damaged status Not for loan Home library Current library Date acquired Full call number Accession Number Price effective from Koha item type
        Anna Centenary Library Anna Centenary Library 13.10.2020 428.64 LOA 105183 13.10.2020 English Books

Find us on the map